PRACTICE WORKBOOK OF COMMUNITY HEALTH NURSING (Record no. 217066)
[ view plain ]
| 000 -LEADER | |
|---|---|
| fixed length control field | 00487nam a22001577a 4500 |
| 008 - FIXED-LENGTH DATA ELEMENTS--GENERAL INFORMATION | |
| fixed length control field | 260429b |||||||| |||| 00| 0 eng d |
| 020 ## - INTERNATIONAL STANDARD BOOK NUMBER | |
| International Standard Book Number | 978-93-5250-120-5 |
| 050 ## - LIBRARY OF CONGRESS CALL NUMBER | |
| Classification number | RT 98.B37 2016 |
| 100 ## - MAIN ENTRY--PERSONAL NAME | |
| Personal name | BASAVANTHAPPA BT |
| 245 ## - TITLE STATEMENT | |
| Title | PRACTICE WORKBOOK OF COMMUNITY HEALTH NURSING |
| Remainder of title | FOR BSC AND PB BSC NURSING STUDENTS |
| 260 ## - PUBLICATION, DISTRIBUTION, ETC. | |
| Place of publication, distribution, etc. | NEW DELHI |
| Name of publisher, distributor, etc. | JAYPEE BROTHERS MEDICAL PUBLISHERS |
| Date of publication, distribution, etc. | 2016 |
| 300 ## - PHYSICAL DESCRIPTION | |
| Extent | X,226 |
| 500 ## - GENERAL NOTE | |
| General note | INCLUDES AN APPENDIX |
| 942 ## - ADDED ENTRY ELEMENTS (KOHA) | |
| Source of classification or shelving scheme | Library of Congress Classification |
| Koha item type | Long Loan Book |
| Withdrawn status | Lost status | Source of classification or shelving scheme | Damaged status | Not for loan | Collection | Home library | Current library | Shelving location | Date acquired | Inventory number | Total checkouts | Full call number | Barcode | Date last seen | Copy number | Price effective from | Koha item type |
|---|---|---|---|---|---|---|---|---|---|---|---|---|---|---|---|---|---|
| Library of Congress Classification | Medicine | Kisii University Library | Kisii University Library | On Display | 04/29/2026 | 113264 | RT 98.B37 2016 | A001315 | 04/29/2026 | C.5 | 04/29/2026 | Long Loan Book | |||||
| Library of Congress Classification | Medicine | Kisii University Library | Kisii University Library | On Display | 04/29/2026 | 113263 | RT 98.B37 2016 | A001317 | 04/29/2026 | C.4 | 04/29/2026 | Long Loan Book | |||||
| Library of Congress Classification | Medicine | Kisii University Library | Kisii University Library | On Display | 04/29/2026 | 113262 | RT 98.B37 2016 | A001319 | 04/29/2026 | C.3 | 04/29/2026 | Long Loan Book |